• 首页
  • 本馆介绍
  • 公告通知
  • 最新文献
  • 馆藏检索
  • 电子资源
  • 读者导购
  • 参考咨询
  • 我的图书馆
  • 登录
  • 详细信息显示
  • 放入我的书架
  • 预约/预借图书
  • 作者相关作品
  • 分类相关作品
  • 丛书相关作品
  • 出版社相关作品

书目信息

  • 表格格式
  • 工作单格式
  • 卡片格式
题名:
低碳交通体系构建与实践研究
    
 
作者: 薛建明 , 张其龙 , 殷永文 , 薛梦莹 著
分册:  
出版信息: 北京   光明日报出版社  2019.01
页数: 218页
开本: 24cm
丛书名: 光明社科文库
单 册:
中图分类: U116
科图分类:
主题词: 交通运输系统--jiao tong yun shu xi tong--节能--研究
电子资源:
ISBN: 978-7-5194-4664-2
000 01374nam 2200325 450
001 CAL 0120182652144
005 20230217093112.0
010    @a978-7-5194-4664-2@dCNY75
100    @a20181225d2019 em y0chiy0120 ea
101 0  @achi
102    @aCN@b110000
105    @ay a 000yy
106    @ar
200 1  @a低碳交通体系构建与实践研究@Adi tan jiao tong ti xi gou jian yu shi jian yan jiu@f薛建明 ... [等] 著
210    @a北京@c光明日报出版社@d2019.01
215    @a218页@d24cm
225 2  @a光明社科文库@Aguang ming she ke wen ku
300    @a淮安市交通运输局《基于营运车船碳排放监测分析淮安低碳交通发展策略研究》课题项目
304    @a题名页题其余责任者: 张其龙, 殷永文, 薛梦莹
320    @a有书目 (第204-216页)
330    @a全球气候问题日趋严峻的主要因素是温室效应带来的气候趋暖, 而导致温室效应的根源是全球的二氧化碳排放量快速增长。交通运输行业作为世界第二大碳排放行业, 其碳排放量超过世界碳排放总量的五分之一。内容包括: 人类文明面临嬗变 ; 低碳经济与生态文明互动解析 ; 低碳经济催生低碳时代的到来等。
410  0 @12001 @a光明社科文库
606 0  @a交通运输系统@Ajiao tong yun shu xi tong@x节能@x研究
690    @aU116@v5
701  0 @a薛建明@Axue jian ming@4著
701  0 @a张其龙@Azhang qi long@4著
701  0 @a殷永文@Ayin yong wen@4著
701  0 @a薛梦莹@Axue meng ying@4著
801  0 @aCN@bBJXHZP@c20230228
905    @b1396090-3@dU116@e1109@f4
    
    低碳交通体系构建与实践研究/薛建明 ... [等] 著.-北京:光明日报出版社,2019.01
    218页;24cm.-(光明社科文库)
    淮安市交通运输局《基于营运车船碳排放监测分析淮安低碳交通发展策略研究》课题项目
    
    ISBN 978-7-5194-4664-2:CNY75
    全球气候问题日趋严峻的主要因素是温室效应带来的气候趋暖, 而导致温室效应的根源是全球的二氧化碳排放量快速增长。交通运输行业作为世界第二大碳排放行业, 其碳排放量超过世界碳排放总量的五分之一。内容包括: 人类文明面临嬗变 ; 低碳经济与生态文明互动解析 ; 低碳经济催生低碳时代的到来等。
●
相关链接 在E读中查询图书 在五车中查询图书 在当当中查询图书 在豆瓣中查询图书


正题名:低碳交通体系构建与实践研究     索取号:U116/1109         预约/预借

序号 登录号 条形码 馆藏地/架位号 状态 备注
1 1396090   213960908   第二样本阅览室/ [索取号:U116/1109] 在馆    
2 1396091   213960917   第三借阅区/ [索取号:U116/1109] 在馆    
3 1396092   213960926   第三借阅区/ [索取号:U116/1109] 在馆    
4 1396093   213960935   第三借阅区/ [索取号:U116/1109] 在馆    
唐山师范学院图书馆 欢迎您!
大连网信软件有限公司© 版权所有